|
|
|
|
| LEADER |
00000nam a2200000 a 4500 |
| 001 |
vtls001307335 |
| 003 |
SK-MaSNL |
| 005 |
20260301155735.0 |
| 008 |
240314s1972 xx 0 und |
| 035 |
|
|
|a SNK000259612
|
| 040 |
|
|
|a SNK
|b slo
|c SNK
|e AACR2
|
| 100 |
1 |
|
|a Sterba, Günther
|4 aut
|9 294345
|
| 245 |
1 |
0 |
|a Akvaristika
|
| 260 |
|
|
|a Praha
|b Práce
|c 1972
|
| 300 |
|
|
|a 366 s.
|
| 958 |
|
|
|a OND
|
| 999 |
|
|
|c 802462
|d 804392
|
| 952 |
|
|
|t P60, <04>, [BOOK], {604}
|a SNK
|b SNK
|y VYP
|7 0
|p 17A0104653
|o snkIC 53135 D1
|0 0
|1 1
|4 0
|d 1997-10-23
|l 0
|r 2005-01-02 00:00:00
|w 2026-02-24
|
| 952 |
|
|
|t P60, <04>, [BOOK], {604}
|a SNK
|b SNK
|y VYP
|7 0
|p 17A0268489
|o snkIC 53135
|0 0
|1 0
|4 0
|d 2001-02-16
|l 0
|r 2005-01-02 00:00:00
|w 2026-02-24
|